[Event "Banja Luka op-B"]
[Site "Banja Luka"]
[Date "2024.04.28"]
[Round "5"]
[White "Valitov, Ilshat"]
[Black "Peric, David"]
[Result "1-0"]
[WhiteElo "1892"]
[BlackElo "1709"]
[PlyCount "97"]
[EventDate "2024.04.26"]
[EventType "swiss"]
[EventRounds "5"]
[EventCountry "BIH"]
[SourceTitle "CB19_2024"]
[SourceDate "2024.05.08"]
[SourceVersion "1"]
[SourceVersionDate "2024.05.08"]
[SourceQuality "1"]

1. b3 d5 2. Bb2 c6 3. e3 Bf5 4. Nf3 e6 5. Be2 Nf6 6. Nh4 Bg6 7. Nxg6 hxg6 8. d3 Bd6 9. h3 e5 10. Nd2 Nbd7 11. a4 a5 12. c3 Qe7 13. Qc2 0-0 14. 0-0 Rfe8 15. e4 Nf8 16. Nf3 c5 17. Bc1 Ne6 18. g3 Rac8 19. Bd2 b6 20. Kg2 d4 21. c4 Nh7 22. Rae1 f5 23. exf5 gxf5 24. Nh4 Qf6 25. Bh5 Red8 26. Bg6 f4 27. Qd1 Nef8 28. Be4 Rc7 29. Nf3 Ng5 30. Bd5+ Kh8 31. h4 Nxf3 32. Qxf3 fxg3 33. Qh5+ Nh7 34. fxg3 g6 35. Qg4 Qg7 36. Bg5 Rf8 37. Rxf8+ Qxf8 38. Rf1 Qg7 39. Qe6 Bf8 40. Bh6 Re7 41. Bxg7+ Rxg7 42. Qe8 e4 43. Rxf8+ Nxf8 44. Qxf8+ Kh7 45. Bxe4 Ra7 46. h5 Rg7 47. hxg6+ Rxg6 48. Qf7+ Kh6 49. Qxg6# 1-0

[Event "SRB-ch sf"]
[Site "Paracin"]
[Date "2024.02.09"]
[Round "7"]
[White "Valitov, Ilshat"]
[Black "Mitrovic, Marjan"]
[Result "1/2-1/2"]
[WhiteElo "1762"]
[BlackElo "2138"]
[PlyCount "127"]
[EventDate "2024.02.05"]
[EventType "swiss"]
[EventRounds "9"]
[EventCountry "SRB"]
[SourceTitle "CB07_2024"]
[SourceDate "2024.02.14"]
[SourceVersion "1"]
[SourceVersionDate "2024.02.14"]
[SourceQuality "1"]

1. g3 Nf6 2. Bg2 c5 3. c4 Nc6 4. Nc3 g6 5. e3 Bg7 6. Nge2 h5 7. h4 Ne5 8. d3 0-0 9. 0-0 d6 10. Nf4 Rb8 11. Qe2 Bg4 12. f3 Bd7 13. d4 cxd4 14. exd4 Nc6 15. Be3 e5 16. dxe5 dxe5 17. Nfd5 Nxd5 18. Nxd5 Be6 19. f4 exf4 20. Bxf4 Bxd5 21. Bxd5 Rc8 22. Rad1 Qb6+ 23. Be3 Qc7 24. Bf4 Be5 25. Qe4 Kh7 26. Bxc6 Bxf4 27. Rxf4 bxc6 28. Qf3 Kg8 29. Rf1 Rcd8 30. Rf2 Rd7 31. Rf6 Rd6 32. Kg2 Rxf6 33. Qxf6 Re8 34. Rd2 Qa5 35. Rf2 Qc7 36. Rd2 Qa5 37. Rf2 Qc7 38. Rd2 Qb7 39. Rd8 Rxd8 40. Qxd8+ Kh7 41. Qf6 Qd7 42. Qc3 Qe6 43. a3 Qe4+ 44. Kf2 Kg8 45. b4 a6 46. c5 Qd5 47. Qe3 Kf8 48. Ke2 Qc4+ 49. Qd3 Qxd3+ 50. Kxd3 Ke7 51. a4 f6 52. Ke4 Ke6 53. Kd4 g5 54. Ke4 gxh4 55. gxh4 Ke7 56. Kf5 Kf7 57. Kf4 Ke6 58. Ke4 Ke7 59. Kf5 Kf7 60. Kf4 Ke6 61. Ke4 Ke7 62. Kf5 Kf7 63. Kf4 Ke6 64. Ke4 1/2-1/2

[Event "SRB-ch sf"]
[Site "Paracin"]
[Date "2024.02.06"]
[Round "2"]
[White "Stankovic, Boris"]
[Black "Valitov, Ilshat"]
[Result "1-0"]
[WhiteElo "2310"]
[BlackElo "1762"]
[PlyCount "83"]
[EventDate "2024.02.05"]
[EventType "swiss"]
[EventRounds "9"]
[EventCountry "SRB"]
[SourceTitle "CB07_2024"]
[SourceDate "2024.02.14"]
[SourceVersion "1"]
[SourceVersionDate "2024.02.14"]
[SourceQuality "1"]

1. e4 b6 2. d4 e6 3. Bd3 Bb7 4. Ne2 c5 5. Nbc3 cxd4 6. Nxd4 Bb4 7. 0-0 Nc6 8. Be3 Nge7 9. Qh5 Ng6 10. Nf3 Bxc3 11. bxc3 Qc7 12. a4 Nce5 13. Bd4 Nxf3+ 14. Qxf3 e5 15. Qg3 d6 16. Be3 h5 17. Ra3 h4 18. Qg4 Bc8 19. Qf3 Be6 20. h3 Qe7 21. Rfa1 0-0 22. Qh5 Nf4 23. Qf3 Nxd3 24. cxd3 f5 25. exf5 Bxf5 26. a5 b5 27. Qd5+ Kh7 28. Qxb5 g5 29. Rb3 Rf7 30. Rb4 Rg8 31. a6 g4 32. hxg4 Bxg4 33. Raa4 Rfg7 34. Qb7 Qxb7 35. axb7 Bh5 36. g4 hxg3 37. Rh4 gxf2+ 38. Kxf2 Kg6 39. Rag4+ Bxg4 40. Rxg4+ Kf6 41. Rxg7 Kxg7 42. Bxa7 1-0

[Event "Skopje op"]
[Site "Skopje"]
[Date "2023.12.10"]
[Round "7"]
[White "Ajradinoska, Indzi"]
[Black "Valitov, Ilshat"]
[Result "0-1"]
[WhiteElo "1585"]
[BlackElo "1802"]
[PlyCount "88"]
[EventDate "2023.12.06"]
[EventType "swiss"]
[EventRounds "9"]
[EventCountry "MKD"]
[SourceTitle "CB50_2023"]
[SourceDate "2023.12.13"]
[SourceVersion "1"]
[SourceVersionDate "2023.12.13"]
[SourceQuality "1"]

1. d4 Nf6 2. Nf3 g6 3. c4 Bg7 4. Nc3 d6 5. Bg5 0-0 6. e3 c5 7. Be2 h6 8. Bh4 g5 9. Bg3 Bf5 10. Qb3 Nbd7 11. 0-0 Nh7 12. d5 h5 13. h3 Bg6 14. Nd2 f5 15. f4 g4 16. hxg4 hxg4 17. Qc2 Nhf6 18. Kf2 a6 19. Rad1 Nh5 20. Bxg4 Qe8 21. Bf3 Qf7 22. Rh1 b5 23. cxb5 axb5 24. a3 b4 25. axb4 cxb4 26. Ne2 Ra2 27. Rb1 Nc5 28. Nc1 Raa8 29. Nd3 Rac8 30. Nxc5 Rxc5 31. Qd1 Nxg3 32. Kxg3 Rfc8 33. Qb3 Bf6 34. Qxb4 Qg7 35. Kf2 Bf7 36. Qb7 Rc2 37. Rhd1 Bh4+ 38. Ke2 Qg3 39. Qb4 Be8 40. Ra1 Qf2+ 41. Kd3 Bf6 42. Ra2 Bb5+ 43. Qxb5 R2c3+ 44. bxc3 Rxc3# 0-1

[Event "Veliko Gradiste Silver Lake op-A"]
[Site "Veliko Gradiste"]
[Date "2023.06.25"]
[Round "9"]
[White "Ishvi, Aggarwal"]
[Black "Valitov, Ilshat"]
[Result "1/2-1/2"]
[WhiteElo "1740"]
[BlackElo "1859"]
[PlyCount "59"]
[EventDate "2023.06.18"]
[EventType "swiss"]
[EventRounds "9"]
[EventCountry "SRB"]
[SourceTitle "CBM 215 Extra"]
[Source "ChessBase"]
[SourceDate "2023.09.30"]
[SourceVersion "1"]
[SourceVersionDate "2023.09.30"]
[SourceQuality "1"]

1. d4 g6 2. c4 Bg7 3. g3 c5 4. Nf3 Nf6 5. Bg2 0-0 6. Nc3 d6 7. 0-0 Nc6 8. d5 Nb4 9. a3 Na6 10. e4 Bg4 11. h3 Bd7 12. e5 Ne8 13. Re1 Nac7 14. Bf4 dxe5 15. Nxe5 Nd6 16. Qe2 Re8 17. Ne4 Nxe4 18. Qxe4 b5 19. Rad1 bxc4 20. Qxc4 Bxe5 21. Bxe5 Rc8 22. Qxc5 Nb5 23. Qe3 f6 24. Bd4 Nxd4 25. Qxd4 Rc2 26. Rd2 Rxd2 27. Qxd2 Qb6 28. b4 Qd6 29. Qe3 a6 30. Rc1 1/2-1/2

[Event "Veliko Gradiste Silver Lake op-A"]
[Site "Veliko Gradiste"]
[Date "2023.06.20"]
[Round "4"]
[White "Liashkevich, Lizaveta"]
[Black "Valitov, Ilshat"]
[Result "1-0"]
[WhiteElo "1631"]
[BlackElo "1859"]
[PlyCount "105"]
[EventDate "2023.06.18"]
[EventType "swiss"]
[EventRounds "9"]
[EventCountry "SRB"]
[SourceTitle "CBM 215 Extra"]
[Source "ChessBase"]
[SourceDate "2023.09.30"]
[SourceVersion "1"]
[SourceVersionDate "2023.09.30"]
[SourceQuality "1"]

1. d4 g6 2. Nf3 Bg7 3. c4 c5 4. d5 d6 5. g3 Nf6 6. Bg2 0-0 7. 0-0 a6 8. a4 a5 9. Nc3 Na6 10. h3 Nb4 11. Re1 Nd7 12. Qd2 Nf6 13. b3 e6 14. dxe6 fxe6 15. Bb2 d5 16. cxd5 exd5 17. Na2 d4 18. Nxb4 axb4 19. Rac1 Ra5 20. Kh2 Be6 21. Qd1 Nd5 22. e3 dxe3 23. Bxg7 Kxg7 24. Qc2 Qf6 25. fxe3 b6 26. Nd2 Nc3 27. Rf1 Qe5 28. Rxf8 Kxf8 29. Qd3 Ke7 30. Nc4 Bxc4 31. Qxc4 Ra7 32. Qg8 Qe6 33. Qxh7+ Qf7 34. Qh4+ Qf6 35. Qh7+ Qf7 36. Qh4+ Qf6 37. Qh6 Ke6 38. Rf1 Qg7 39. Qf4 Rd7 40. Qb8 Nd5 41. h4 Rd6 42. e4 Ne7 43. Bh3+ Ke5 44. Bg2 Ke6 45. Qe8 Rd2 46. Kh1 g5 47. Qh5 gxh4 48. Qxh4 Kd7 49. Bh3+ Ke8 50. Qf4 Rd8 51. Rf2 Ng6 52. Qg5 Rd6 53. Kg2 1-0

[Event "Veliko Gradiste Silver Lake op-A"]
[Site "Veliko Gradiste"]
[Date "2023.06.19"]
[Round "3"]
[White "Valitov, Ilshat"]
[Black "Demirkol, Kerim Calvelo"]
[Result "0-1"]
[WhiteElo "1859"]
[BlackElo "1689"]
[PlyCount "96"]
[EventDate "2023.06.18"]
[EventType "swiss"]
[EventRounds "9"]
[EventCountry "SRB"]
[SourceTitle "CBM 215 Extra"]
[Source "ChessBase"]
[SourceDate "2023.09.30"]
[SourceVersion "1"]
[SourceVersionDate "2023.09.30"]
[SourceQuality "1"]

1. g3 g6 2. Bg2 Bg7 3. c4 Nf6 4. d4 c5 5. Nf3 0-0 6. 0-0 cxd4 7. Nxd4 Nc6 8. Nxc6 dxc6 9. Qb3 Qc7 10. Bf4 e5 11. Bg5 Be6 12. Nc3 Nd7 13. Ne4 f6 14. Be3 h6 15. Rfd1 f5 16. Nc5 Nxc5 17. Bxc5 Rfd8 18. Qc2 b6 19. Be3 e4 20. Bf4 Qf7 21. f3 g5 22. Bd6 exf3 23. Bxf3 Bxc4 24. Bxc6 Rac8 25. Qxc4 Qxc4 26. Bd5+ Qxd5 27. Rxd5 Bxb2 28. Rad1 Rc1 29. Rxc1 Bxc1 30. Rd3 f4 31. Kf2 Kf7 32. gxf4 Bxf4 33. Bxf4 Rxd3 34. exd3 gxf4 35. Kf3 Ke6 36. Kxf4 Kd5 37. Ke3 b5 38. d4 b4 39. h4 h5 40. Kd3 a6 41. Ke3 a5 42. Kd3 a4 43. Kc2 Kxd4 44. Kd2 Ke4 45. Kc2 Kf4 46. Kd3 b3 47. axb3 axb3 48. Kc3 Kg4 0-1

[Event "Arandjelovac op 1st"]
[Site "Arandjelovac"]
[Date "2023.03.18"]
[Round "5"]
[White "Mai, Alexander Oliver"]
[Black "Valitov, Ilshat"]
[Result "1-0"]
[WhiteElo "2141"]
[BlackElo "1854"]
[PlyCount "61"]
[EventDate "2023.03.15"]
[EventType "swiss"]
[EventRounds "9"]
[EventCountry "SRB"]
[SourceTitle "CBM 213 Extra"]
[Source "ChessBase"]
[SourceDate "2023.05.31"]
[SourceVersion "1"]
[SourceVersionDate "2023.05.31"]
[SourceQuality "1"]

1. e4 c6 2. Nc3 d5 3. Nf3 dxe4 4. Nxe4 Bf5 5. Ng3 Bg6 6. h4 h5 7. Ne5 Nd7 8. Nxg6 fxg6 9. d4 Qa5+ 10. Bd2 Qb6 11. Bd3 c5 12. d5 Ne5 13. Be2 Nf6 14. c4 e6 15. Bc3 Bd6 16. Qa4+ Ke7 17. 0-0-0 exd5 18. cxd5 Qc7 19. Rhe1 Kf7 20. Bd3 a6 21. Bxe5 Bxe5 22. d6 Bxd6 23. Qc4+ Kf8 24. Bxg6 Rh6 25. Bc2 b5 26. Qd3 Rd8 27. Kb1 c4 28. Qd4 Be7 29. Rxe7 Kxe7 30. Nf5+ Kf7 31. Nxh6+ 1-0

[Event "Arandjelovac op 1st"]
[Site "Arandjelovac"]
[Date "2023.03.17"]
[Round "4"]
[White "Tulchynskyi, Feliks"]
[Black "Valitov, Ilshat"]
[Result "1-0"]
[WhiteElo "2242"]
[BlackElo "1854"]
[PlyCount "103"]
[EventDate "2023.03.15"]
[EventType "swiss"]
[EventRounds "9"]
[EventCountry "SRB"]
[SourceTitle "CBM 213 Extra"]
[Source "ChessBase"]
[SourceDate "2023.05.31"]
[SourceVersion "1"]
[SourceVersionDate "2023.05.31"]
[SourceQuality "1"]

1. d4 d5 2. c4 c6 3. Nf3 Nf6 4. Nc3 dxc4 5. a4 Bf5 6. e3 e6 7. Bxc4 Bb4 8. 0-0 0-0 9. Qe2 Ne4 10. Nxe4 Bxe4 11. b3 Bc3 12. Ra2 Bb1 13. Ra3 Be4 14. Ne5 Nd7 15. Nd3 Ba5 16. Ra2 Bc7 17. Ba3 Re8 18. Rd1 Qh4 19. g3 Qf6 20. f4 Qg6 21. Nf2 Bd5 22. Rb2 h5 23. Bd3 f5 24. e4 fxe4 25. Nxe4 Bxe4 26. Bxe4 Qh6 27. Qd3 Nf6 28. Bg6 Red8 29. Bc5 b6 30. Bb4 c5 31. Bc3 cxd4 32. Bd2 Nd5 33. f5 Ne3 34. fxe6 Qg5 35. Bf7+ Kh8 36. Qe4 Bxg3 37. Kh1 Qh4 38. Qxh4 Bxh4 39. Rg1 Bf6 40. Rbb1 h4 41. Be1 Nf5 42. Rf1 Ne7 43. Bb4 d3 44. Rxf6 gxf6 45. Bxe7 d2 46. Rd1 Rdc8 47. Bxf6+ Kh7 48. Rxd2 h3 49. Kg1 Rc1+ 50. Kf2 Rc5 51. Rd3 Rac8 52. Rxh3+ 1-0

[Event "EU-ch 23rd"]
[Site "Vrnjacka Banja"]
[Date "2023.03.03"]
[Round "1"]
[White "Valitov, Ilshat"]
[Black "Makridis, Dimitrios"]
[Result "0-1"]
[WhiteElo "1854"]
[BlackElo "2387"]
[PlyCount "58"]
[EventDate "2023.03.03"]
[EventType "swiss"]
[EventRounds "11"]
[EventCountry "SRB"]
[SourceTitle "CBM 213"]
[Source "ChessBase"]
[SourceDate "2023.04.30"]
[SourceVersion "1"]
[SourceVersionDate "2023.04.30"]
[SourceQuality "1"]

1. Nf3 d5 2. g3 Nf6 3. Bg2 e6 4. 0-0 b5 5. d3 Be7 6. Nbd2 0-0 7. e4 Bb7 8. Qe2 c5 9. e5 Nfd7 10. c3 c4 11. d4 b4 12. Ne1 Nc6 13. f4 Qa5 14. Rf3 Nb6 15. Nf1 Na4 16. Bd2 Nxb2 17. Nc2 Qa4 18. Nfe3 f5 19. exf6 Bxf6 20. Rff1 Qa6 21. Bh3 Na4 22. Bxe6+ Kh8 23. Nxd5 Nxc3 24. Bxc3 bxc3 25. Nxf6 Rxf6 26. Bxc4 Qb6 27. Rad1 Na5 28. Rfe1 Qc6 29. d5 Qxc4 0-1